South Korea Squad WC2026 - Statistics

General Stats
  • This quiz has been taken 3 times
  • The average score is 9 of 26
Answer Stats
Position Club Player % Correct
Goalkeeper HD Ulsan Jo Hyeon-woo
67%
Defender Bayern Munich Kim Min-jae
67%
Attack FC Los Angeles Son Heung-Min
67%
Midfield Stoke City Bae Jun-Ho
33%
Attack Midtjylland Cho Gue-Sung
33%
Defender FC Sharjah Cho Yu-Min
33%
Attack Swansea Eom Ji-Sung
33%
Attack Wolves Hwang Hee-Chan
33%
Midfield Feyenoord Hwang In-Beom
33%
Midfield Borussia Monchengladbach Jens Castrop
33%
Midfield Jeonbuk Hyundai Motors Kim Jin-Gyu
33%
Defender Daejeon Kim Moon-Hwan
33%
Goalkeeper FC Tokyo Kim Seung-gyu
33%
Defender Kashima Antlers Kim Tae-Hyeon
33%
Midfield HD Ulsan Lee Dong-Gyeong
33%
Defender Midtjylland Lee Han-Beom
33%
Midfield Mainz Lee Jae-Sung
33%
Midfield PSG Lee Kang-In
33%
Defender Austria Wien Lee Tae-Seok
33%
Attack Besiktas Oh Hyeon-Gyu
33%
Midfield Birmingham City Paik Seung-Ho
33%
Midfield FC Zhejiang Park Jin-Seob
33%
Defender Crvena Zvezda Seol Young-Woo
33%
Goalkeeper Jeonbuk Hyundai Motors Song Bum-keun
33%
Attack Celtic Yang Hyun-Jun
33%
Defender FC Gangwon Lee Gy-hyuk
0%
No matching quizzes found
Score Distribution
Percent of People with Each Score
Percentile by Number Answered
Your Score History
You have not taken this quiz